Victory (Record no. 34600)

MARC details
000 -LEADER
fixed length control field 02877ngm a2200433 4500
003 - CONTROL NUMBER IDENTIFIER
control field dpl
005 - DATE AND TIME OF LATEST TRANSACTION
control field 20100311155941.0
007 - PHYSICAL DESCRIPTION FIXED FIELD--GENERAL INFORMATION
fixed length control field ta
008 - FIXED-LENGTH DATA ELEMENTS--GENERAL INFORMATION
fixed length control field ||||||sp199 xxu|||||c ||| 00| 0 ng d
010 ## - LIBRARY OF CONGRESS CONTROL NUMBER
LC control number DVD-006402-6409
024 ## - OTHER STANDARD IDENTIFIER
Standard number or code DHIF2093S
Terms of availability 99.00
035 ## - SYSTEM CONTROL NUMBER
System control number DVD-006402-6409
040 ## - CATALOGING SOURCE
Original cataloging agency DPL
Transcribing agency DPL
082 ## - DEWEY DECIMAL CLASSIFICATION NUMBER
Classification number DVD VICT
245 ## - TITLE STATEMENT
Title Victory
Statement of responsibility, etc Walkwater Media And Victory Moving Picture Presents
Medium [videorecording] DVD/
260 ## - PUBLICATION, DISTRIBUTION, ETC. (IMPRINT)
Name of publisher, distributor, etc Moserbaer Entertainment
300 ## - PHYSICAL DESCRIPTION
Extent 1 videodisc DVD;
Other physical details sd., col. ;
Dimensions 4 3/4 in.
Type of unit DVD
440 ## - SERIES STATEMENT/ADDED ENTRY--TITLE
Title Moserbaer Home Entertainment
500 ## - GENERAL NOTE
General note Moserbaer India Ltd. has obtained the necessary licence/conssent from the owner of the copyright in the wroks for making this DVD Film.
538 ## - SYSTEM DETAILS NOTE
System details note Dolby Digital 5.1 - Hindi Subtitles: English
538 ## - SYSTEM DETAILS NOTE
System details note This DVD can be played back on DVD Players, multimedia systems & PC with MPEG card interactive with version 2.0 players.
650 ## - SUBJECT ADDED ENTRY--TOPICAL TERM
Topical term or geographic name as entry element Motion Picture
700 ## - ADDED ENTRY--PERSONAL NAME
Personal name Ajitpal Mangat
700 ## - ADDED ENTRY--PERSONAL NAME
Personal name Shaetty, Manmohan
700 ## - ADDED ENTRY--PERSONAL NAME
Personal name Baweja, Harmans
700 ## - ADDED ENTRY--PERSONAL NAME
Personal name Kher, Anupam
700 ## - ADDED ENTRY--PERSONAL NAME
Personal name Rao, Amrita
700 ## - ADDED ENTRY--PERSONAL NAME
Personal name Grover, Gulshan
942 ## - ADDED ENTRY ELEMENTS (KOHA)
Koha item type CD-ROMs, DVDs, VHS
Source of classification or shelving scheme Dewey Decimal Classification
Classification part DVD
Call number suffix VICT
Holdings
Withdrawn status Lost status Source of classification or shelving scheme Damaged status Not for loan Home library Current library Date acquired Source of acquisition Cost, normal purchase price Total Checkouts Full call number Barcode Date last seen Date checked out Copy number Cost, replacement price Price effective from Koha item type Total Renewals Checked out
    Dewey Decimal Classification     Central Library Central Library 11/03/2010 Pioneers/1099/25-12-09/325/13-10-09 /30-12-09 99.00 8 DVD VICT DVD-006402 22/06/2011 08/06/2011 1 99.00 11/03/2010 CD-ROMs, DVDs, VHS    
    Dewey Decimal Classification     Janak Puri Janak Puri 11/03/2010 Pioneers/1099/25-12-09/325/13-10-09 /30-12-09 99.00 5 DVD VICT DVD-006404 11/01/2013 23/11/2012 1 99.00 11/03/2010 CD-ROMs, DVDs, VHS 1  
    Dewey Decimal Classification     Karol Bagh Karol Bagh 11/03/2010 Pioneers/1099/25-12-09/325/13-10-09 /30-12-09 99.00 4 DVD VICT DVD-006408 21/11/2013 21/11/2013 1 99.00 11/03/2010 CD-ROMs, DVDs, VHS   05/12/2013
    Dewey Decimal Classification     Narela Narela 11/03/2010 Pioneers/1099/25-12-09/325/13-10-09 /30-12-09 99.00 6 DVD VICT DVD-006409 31/01/2013 15/01/2013 1 99.00 11/03/2010 CD-ROMs, DVDs, VHS    
    Dewey Decimal Classification     Patel Nagar Patel Nagar 11/03/2010 Pioneers/1099/25-12-09/325/13-10-09 /30-12-09 99.00 4 DVD VICT DVD-006403 29/07/2011 28/07/2011 1 99.00 11/03/2010 CD-ROMs, DVDs, VHS    
    Dewey Decimal Classification     R.K.Puram-8 R.K.Puram-8 11/03/2010 Pioneers/1099/25-12-09/325/13-10-09 /30-12-09 99.00 2 DVD VICT DVD-006406 03/06/2014 28/05/2014 1 99.00 11/03/2010 CD-ROMs, DVDs, VHS    
    Dewey Decimal Classification     Sarojini Nagar Sarojini Nagar 11/03/2010 Pioneers/1099/25-12-09/325/13-10-09 /30-12-09 99.00 15 DVD VICT DVD-006405 28/11/2015 17/10/2015 1 99.00 11/03/2010 CD-ROMs, DVDs, VHS    
    Dewey Decimal Classification     Vinoba Puri Vinoba Puri 11/03/2010 Pioneers/1099/25-12-09/325/13-10-09 /30-12-09 99.00 3 DVD VICT DVD-006407 04/06/2015 21/05/2015 1 99.00 11/03/2010 CD-ROMs, DVDs, VHS    

© Delhi Public Library
Hit Counter
free hit counter